000 01121nam a2200217 a 4500
008 090527s2007 ||||||||||||||||| || u
020 _a9781424320271
050 _aMIHR(02)
100 _aKrattiger, Anatole
245 1 0 _aIntellectual property management in health and agricultural innovation : a handbook of best practices
_cedited by Anatole Krattiger (and others)
260 _aOxford:
_bMIHR
_c2007
300 _a2v
350 _a0.00
650 _aINTELLECTUAL PROPERTY RIGHTS
650 _aAGRICULTURE--INNOVATION--RESEARCH
650 _aHEALTH--INNOVATION--RESEARCH
710 _aCentre for the Management of Intellectual Property in Health Research and Development (MIHR)
710 _aPublic Intellectual Property Resource for Agriculture (PIPRA)
995 _aSPECIAL COLLECTIONS
_D0.00
_e9781424320264
_FCBU-MAIN LIBRARY (Kitwe)
_H1
_I0.00
_jMIHR(02)2007/1A
_M1
_UAVAILABLE
_WJun 29, 2009
_y9781424320264
_ZInternational Publications
995 _aSPECIAL COLLECTIONS
_D0.00
_e0781424320271
_FCBU-MAIN LIBRARY (Kitwe)
_H1
_I0.00
_jMIHR(02)2007/1B
_M2
_UAVAILABLE
_WJun 29, 2009
_y0781424320271
_ZInternational Publications
999 _c77469
_d77469